Principles of Management (Record no. 149730)

MARC details
000 -LEADER
fixed length control field 00666nam a22002177a 4500
005 - DATE AND TIME OF LATEST TRANSACTION
control field 20180206111848.0
010 ## - LCCN (DPL NO)
LC control number ENG-122204
020 ## - INTERNATIONAL STANDARD BOOK NUMBER
International Standard Book Number 9789352605354
Terms of availability 560.00
035 ## - SYSTEM CONTROL NUMBER
System control number EN-105736
037 ## - SOURCE OF ACQUISITION
Source of stock number/acquisition DBAD/PUB
082 ## - DEWEY DECIMAL CLASSIFICATION NUMBER
Classification number 658
100 ## - MAIN ENTRY--PERSONAL NAME
Personal name Tripathi P C
245 ## - TITLE STATEMENT
Title Principles of Management
Statement of responsibility, etc by P C Tripathi [and] P N Reddyy
250 ## - EDITION STATEMENT
Edition statement 6th ed
260 ## - PUBLICATION, DISTRIBUTION, ETC. (IMPRINT)
Place of publication, distribution, etc Chennai
Name of publisher, distributor, etc McGraw Hill Education (India)
Date of publication, distribution, etc c2017
270 ## - ADDRESS
Address 444/1, Sri Ekambara Naicker Industrial Estate, Alapakkam,Porur
City Chennai
Postal code 600116
300 ## - PHYSICAL DESCRIPTION
Extent xxvii, 476p.
Dimensions 24cm.(pbk)
500 ## - GENERAL NOTE
General note It includes index
700 ## - ADDED ENTRY--PERSONAL NAME
Personal name Reddy, P N
942 ## - ADDED ENTRY ELEMENTS (KOHA)
Source of classification or shelving scheme Dewey Decimal Classification
Item type English Books
Classification part 658
Call number suffix TRI
Holdings
Withdrawn status Lost status Not for loan Collection code Home library Current library Date acquired Source of acquisition Cost, normal purchase price Full call number Barcode Copy number Cost, replacement price Koha item type
    Not For Loan Non-fiction D.B.Act.Division Bawana 06/02/2018 DBAD/PUB 560.00 658 TRI EN-105736 1 560.00 English Books

© Delhi Public Library
Hit Counter
free hit counter